000 00730 a2200229 4500
005 20140903175014.0
008 131127s2012 mx frn 001 0 spa d
020 _a9786070910005
040 _aCO-BoUCM
_bspa
_cJavier Garzón
_dDiana Londoño
041 0 _aspa
100 1 _aSerra Rojas, Andrés
_946167
245 1 0 _aTeoría del estado
_cAndrés Serra Rojas
260 _aMéxico D.F. (México)
_bEditorial Porrúa
_c2012
300 _axxvii, 849 páginas
500 _aIncluye índice
650 7 _912847
_aDerecho y política
650 7 _924689
_aSoberanía
650 7 _97594
_aEstado
690 _942754
_aCiencia política
942 _cLIBRO
_a8
_e19
_mS487t
_2DEWEY
_h320.1
999 _c183823
_d183823